1332 1056 1517 1722 1721 1794 1148 1623 1271 1080 1046 1512 1351 1607 1316 1701 1535 1937 1461 1475 1996 1352 1524 1291 1429 1917 1913 1158 1462 1784 1095 1425 1242 1684 1019 1886 1428 1158 1213 1748 1822 1118 1092 1998 1043 1332 1266 1770 1118 1211 1613 1153 1334 1993 1761 1189 1405 1317 1585 1052 1096 1767 1142 1871 1991 1399 1177 1644 1864 1058 1377 1207 1555 1280 1839 1767 1717 1297 1070 1119 1249 1665 1071 1938 1945 1560 1243 1104 1292 1937 1717 1066 1237 1293 1532 1369 1932 1207 1341 BCNSPRNW ULIB Ver.6.0+V

เปลี่ยนเป็นภาษาไทย

Change to English
 แสดงรายละเอียดบรรณานุกรม
  กลับหน้าหลัก

Brief Record : Get Marc (ISO 2709) : E-mail record : QR code < ปิดหน้าต่าง
LEADER : 00000nam 2200000uu 4500
001    13399115036
003     ULIB
008    120704s2550||||th 000 0 tha d
020    ^a9789744120434
050 04 ^aQC21.2^bส265ศ 2550
100 0  ^aสมพร วัฒนเวคิน
245 10 ^aศัพท์ฟิสิกส์/^cสมพร วัฒนเวคิน
260    ^aกรุงเทพฯ :^bแม็ค,^c2550
300    ^a262 หน้า
650  7 ^aศัพท์^xฟิสิกส์
650  7 ^aฟิสิกส์
945    ^p70^l0^i14329
995    ^aกัณชพร
999 ^a ใช้งานได้ทุกระบบ
รายการนี้ยังไม่มีแท็ก
คุณยังไม่ได้ล็อกอิน คุณสามารถมีกิจกรรมร่วมกับเว็บไซต์ได้ แต่ต้องล็อกอินก่อน ::
  ล็อกอิน

รายการสื่อสารสนเทศ

ลำดับที่ ประเภท เลขเรียก/บาร์โค้ด สถานที่ สถานะ
- ไม่พบข้อมูล -

รายการใกล้เคียง
    ผู้แต่ง [สมพร วัฒนเวคิน]

    หัวเรื่อง [ฟิสิกส์]

BibComment


ยังไม่เคยถูกคอมเมนท์

คอมเมนท์ทรัพยากรรายการนี้
  คอมเมนท์: ศัพท์ฟิสิกส์ สมพ..


 Copyright 2026. Bcnsprnw @Library